[Event "Goldmoney Asian Rapid Prelims 2021"]
[Site "Chess24"]
[Date "2021.06.24"]
[Round "7.5"]
[White "So, Wesley"]
[Black "Artemiev, Vladislav"]
[Result "1-0"]
[WhiteElo "2770"]
[BlackElo "2704"]
[Annotator "TA"]
[PlyCount "113"]
[EventDate "2021.06.26"]
[EventType "tourn"]
[EventCountry "NET"]
[Tiebreak "Koya+Number of black wins+Number of wins"]
[SourceTitle "playchess.com"]
[Source "ChessBase"]
[SourceQuality "1"]

{[%evp 15,113,23,23,22,66,0,0,0,12,10,14,4,21,17,29,22,26,26,52,42,20,28,41,40,
37,25,33,25,25,29,28,27,27,0,0,0,0,0,0,0,0,0,0,0,0,0,20,20,20,20,20,35,71,11,
18,15,31,15,76,73,360,353,452,435,221,196,473,459,452,447,452,446,414,392,369,
363,241,308,700,641,1169,1152,789,681,1605,1501,1506,1419,1376,1161,4133,2571,
29985,29986,29986,29987,29987,29988,29988,29989]} 1. e4 c5 2. Nf3 e6 3. g3 Nc6
4. Bg2 Nf6 5. Nc3 d5 6. exd5 exd5 7. d4 cxd4 8. Nxd4 Bg4 9. f3 {B24: Closed
Sicilian: 3 g3 sidelines.} Be6 10. Be3 (10. Nxe6 $14 fxe6 11. O-O) 10... Bb4
$11 11. O-O {[#] The position is equal.} Bxc3 $146 ({Predecessor:} 11... O-O
12. Nce2 Re8 13. c3 Ba5 14. Qd2 Qd7 15. Nf4 Rac8 16. Rfe1 Ne5 17. Bf2 Ng6 18.
Nfxe6 fxe6 {1/2-1/2 (56) Balinas,R (2355)-Sveshnikov,E (2525) Manila 1982}) 12.
bxc3 O-O 13. Rb1 Qd7 14. Nxe6 Qxe6 15. Re1 Qd7 16. Bg5 Qf5 17. h4 h6 {[#]} 18.
g4 $1 Qd7 19. Bxf6 gxf6 20. c4 Rad8 21. cxd5 Qxd5 22. Qxd5 Rxd5 23. Rxb7 Rd2
24. f4 Nd4 25. Kf1 Nxc2 26. Re2 Rd1+ 27. Kf2 Nd4 28. Reb2 {Hoping for Rd7.} ({
Don't play} 28. Rxa7 Nxe2 29. Kxe2 Rfd8 $17) 28... Ne6 29. Bf3 Rc1 {White must
now prevent ...Nc5.} 30. Kg3 Rc3 31. R2b3 Rfc8 {...Nd4 is the strong threat.}
32. Rb8 ({But not} 32. Rxa7 $2 Nd4 $19) 32... Rxb8 33. Rxc3 {[%mdl 4096]
Endgame KRB-KRN} Nd4 34. Bd1 ({White should try} 34. Rc7 $16) 34... Rb1 35. Rd3
Ne6 36. Rd5 Kg7 (36... Rc1 $11) 37. f5 $1 $16 {[%cal Rf5e6]} Nc5 {[%mdl 8192]
Black cannot hold the game after this.} 38. Bc2 $18 ({Weaker is} 38. Rxc5 Rxd1
39. Ra5 Rd3+ 40. Kf4 Rd4+ 41. Kf3 h5 $16) 38... Rb5 39. Kf3 Ra5 (39... h5 {
might work better.} 40. gxh5 Ra5) 40. a4 $1 Kf8 $2 (40... Nb7 41. Ke4 Ra6) 41.
Ke3 $1 {[%cal Re3d4]} Nb7 42. Rxa5 Nxa5 {KB-KN} 43. Kd4 $1 {[%cal Rd4c5]} Ke7 {
[#]} 44. Kc5 Kd7 {[#]} 45. Kb5 {[%cal Rb5a5]} Nc6 {And now ...Nd4+ would win.}
46. Be4 Ne5 (46... Nb8 47. Bd5 Ke8) 47. Ka6 Nxg4 48. Kxa7 Kc7 49. Ka6 Nf2 50.
Bf3 Nd3 51. Kb5 Ne5 52. Be4 Ng4 53. a5 Nf2 54. Bf3 {White mates.} Nd3 55. a6
Ne5 {[#]} 56. a7 $1 Nxf3 57. a8=Q {Weighted Error Value: White=0.05/Black=0.59}
1-0

[Event "Goldmoney Asian Rapid Prelims 2021"]
[Site "Chess24"]
[Date "2021.06.24"]
[Round "7.6"]
[White "Svidler, Peter"]
[Black "Dubov, Daniil"]
[Result "1/2-1/2"]
[WhiteElo "2714"]
[BlackElo "2714"]
[Annotator "TA"]
[PlyCount "187"]
[EventDate "2021.06.26"]
[EventType "tourn"]
[EventCountry "NET"]
[Tiebreak "Koya+Number of black wins+Number of wins"]
[SourceTitle "playchess.com"]
[Source "ChessBase"]
[SourceQuality "1"]

{[%evp 18,187,33,29,35,11,13,6,17,7,17,8,15,-10,0,-2,4,-23,-15,-25,-24,-25,-23,
-24,-18,-27,-33,-87,-91,-85,-80,-84,-80,-80,-89,-90,-77,-75,-82,-86,-84,-81,
-57,-81,-76,-80,-52,-52,-52,-59,-40,-47,-28,-25,-15,-38,0,-24,-23,-25,-12,-38,
-12,-33,-40,-43,-13,-32,-32,-43,-35,-39,-32,-33,-29,-40,-27,-79,-35,-39,-29,
-39,-39,-64,-39,-63,-52,-52,-52,-52,-52,-52,-25,-52,-52,-66,-52,-52,-52,-52,
-18,-18,-18,-21,-21,-21,-21,-23,0,-23,0,0,0,-15,0,0,0,0,0,0,0,0,0,0,0,0,0,0,0,
0,0,0,0,0,0,0,0,0,0,0,0,0,0,0,0,0,0,0,0,0,0,0,0,0,0,0,0,0,0,0,0,0,0,0,0,0,0,0,
0,0,0,0]} 1. e4 c5 2. Nf3 Nc6 3. Bb5 d6 4. O-O Bd7 5. c3 a6 6. Ba4 Nf6 7. Re1
b5 8. Bc2 Bg4 9. h3 Bxf3 10. Qxf3 g6 {B51: Sicilian: Moscow Variation (3 Bb5+)
without 3...Bd7.} 11. a4 Rb8 $1 12. axb5 axb5 13. d3 Bg7 14. Be3 O-O 15. d4
cxd4 16. cxd4 Nd7 {[#]} 17. e5 $146 ({Predecessor:} 17. Qd1 Nb6 18. b3 Qc7 19.
Na3 Nd7 20. Qd2 Qa5 21. Qxa5 Nxa5 22. Red1 {1/2-1/2 (22) Nowak,I (2072)-Kolar,
J (2078) LSS email 2012}) 17... Nb4 18. Be4 {Threatens to win with Bd2.} d5 19.
Bxd5 Nxe5 20. dxe5 Qxd5 21. Qxd5 Nxd5 22. Ba7 (22. Bc5 $15) 22... Rb7 $17 23.
Nc3 Nb4 24. Re4 {[#]} Nc6 {[%cal Rc6a7]} 25. Bc5 Bxe5 26. Ra6 Bxc3 27. Rxc6
Bxb2 28. Rxe7 Rxe7 29. Bxe7 {[%mdl 4096] Endgame KRB-KRB} Re8 (29... Ra8 {
looks sharper.} 30. g4 Bd4 31. Bb4 Ra2 32. Bc5 Bxc5 33. Rxc5 Rb2) 30. Rc7 Be5
31. Rd7 h5 (31... Rb8 {is interesting.} 32. Bb4 Rc8 33. Kf1 Rc4 34. Be1 Bc3)
32. g4 hxg4 33. hxg4 Rb8 34. Bb4 $1 Bg7 35. Bd6 $1 {[%cal Rd6b8]} Rb6 36. Bb4
Rb8 37. Bd6 $1 {[%cal Rd6b8]} Rc8 {Strongly threatening ...Rc1+.} 38. Rb7 Rd8
39. Bb4 Rd5 40. Rb8+ Kh7 41. Rb7 Rg5 (41... Rd4 {feels hotter.} 42. Rxb5 Rxg4+
43. Kf1 Rf4 44. Kg2 Rf5) 42. Kf1 (42. f3 {looks sharper.} Bd4+ 43. Kf1 Kg8 44.
Ke2 Bf6 45. Rd7) 42... Rxg4 43. Rxb5 Rc4 44. Bd2 Rc7 45. Bf4 Re7 46. Rc5 f6 47.
Rc7 (47. Bd2 $11) 47... Re6 48. Kg2 g5 49. Bd2 Kg6 50. Bc3 Bh6 51. Bd4 f5 52.
f3 Rd6 53. Be5 Rd2+ 54. Kf1 f4 55. Rc6+ Kh5 $1 56. Rb6 Rd3 57. Kg2 Bf8 58. Rb8
Bc5 59. Rb5 Rd2+ 60. Kh3 Rc2 61. Ra5 Rc1 62. Ra1 Rc2 63. Ra5 $1 Kg6 64. Ra6+ $1
{The position is equal.} Kf5 65. Ba1 {[%csl Ga1][%cal Ra6f6]} (65. Bd6 {
feels hotter.} Bg1 66. Ra5+ Kf6 67. Be5+ Ke6 68. Ba1) 65... Be7 66. Ra5+ Kg6 {
...Rf2 is the strong threat.} 67. Ra6+ Kf5 68. Ra5+ Ke6 69. Ra6+ Bd6 (69... Kd5
{with more complications.} 70. Ra5+ Kc4 71. Re5 Bd8 72. Re4+ Kc5) 70. Bf6 {
[%mdl 64] [#] Decoy} Kxf6 (70... g4+ {looks sharper.} 71. Kxg4 Rg2+ 72. Kh5 Rg3
73. Bg5 Rxf3 74. Kg4 Rf1) 71. Rxd6+ $11 {KR-KR} Kf5 (71... Ke5 {seems wilder.}
72. Rg6 Kf5 73. Ra6 Rc1 74. Ra5+ Kg6) 72. Rd5+ Kg6 73. Ra5 Rf2 74. Ra3 Kh5 75.
Rb3 Re2 76. Rb8 Rf2 77. Rb3 Kg6 (77... Rf1 $5 {[%cal Rf1g1]} 78. Kg2 Rd1 $15)
78. Rb6+ Kf5 79. Rb5+ Kf6 (79... Kg6 $5 {[%cal Rf2f3]} 80. Rxg5+ Kxg5 $11) 80.
Rb3 Re2 81. Ra3 Kf5 (81... Re1 $5 {[%cal Re1g1]} 82. Ra6+ Kf5 $15) 82. Ra5+ Re5
83. Ra3 Re1 {White must now prevent ...Rg1.} 84. Ra5+ $1 Kg6 {And now ...Rg1
would win.} 85. Kg2 Re2+ 86. Kh3 Re1 {Hoping for ...Rg1.} 87. Kg2 Kh5 88. Ra8
Re2+ 89. Kh3 Kg6 90. Rg8+ Kf6 91. Rf8+ Kg7 92. Ra8 Rf2 93. Kg4 Rg2+ 94. Kf5 {
Weighted Error Value: White=0.09/Black=0.09} 1/2-1/2

[Event "Goldmoney Asian Rapid Prelims 2021"]
[Site "Chess24"]
[Date "2021.06.24"]
[Round "7.7"]
[White "Salem, A.R. Saleh"]
[Black "Duda, Jan-Krzysztof"]
[Result "1-0"]
[WhiteElo "2682"]
[BlackElo "2729"]
[Annotator "TA"]
[PlyCount "87"]
[EventDate "2021.06.26"]
[EventType "tourn"]
[EventCountry "NET"]
[Tiebreak "Koya+Number of black wins+Number of wins"]
[SourceTitle "playchess.com"]
[Source "ChessBase"]
[SourceQuality "1"]

{[%evp 15,87,10,16,0,22,-7,9,1,-4,-5,0,-16,47,43,43,42,40,39,40,27,44,41,52,43,
54,45,70,53,75,77,73,66,118,108,118,108,155,153,161,163,158,139,179,168,196,
189,220,223,214,211,239,237,269,269,269,258,266,259,295,295,306,297,366,349,
433,420,612,612,633,619,718,647,859,828]} 1. d4 Nf6 2. c4 e6 3. Nc3 Bb4 4. e3
c5 5. Bd3 O-O 6. Nf3 d5 7. O-O dxc4 8. Bxc4 Nc6 9. Bd3 {E54: Nimzo-Indian:
Rubinstein: Main Line: 7...dxc4 8 Bxc4.} h6 {[#]} 10. Bb1 $1 $146 {[%mdl 8] A
top novelty.} ({Predecessor:} 10. a3 Ba5 11. Ne4 cxd4 12. exd4 Bb6 13. Be3 Nxe4
14. Bxe4 Qd6 15. Qd2 f5 16. Bxc6 bxc6 {1/2-1/2 (54) Salem,A (2675)-Melkumyan,H
(2668) Moscow 2019}) 10... Qe7 11. Qc2 {The position is equal.} Rd8 {[%cal
Rc5d4]} 12. a3 cxd4 13. exd4 Bd6 ({Better is} 13... Ba5 $11) 14. Re1 $14 Qc7
15. Ne4 Nxe4 16. Qxe4 {[#] And now Qh7+ would win.} f5 17. Qe3 Ne7 18. Ba2 Nd5
19. Bxd5 exd5 20. Bd2 a5 21. Ne5 Bxe5 22. Qxe5 Qxe5 23. Rxe5 b6 {White leaves
nothing to chance now.} (23... Kf7 $14) 24. h4 Kf7 25. Rc1 Ra7 26. Rc6 Rb7 27.
f3 a4 28. Kf2 Kg8 29. Kg3 Kh7 30. h5 b5 31. Kf4 Rf7 32. Bb4 Kg8 33. Rc5 Rb7 34.
Ba5 ({Much less strong is} 34. Rexd5 $6 Rxd5 35. Rxd5 Rd7) 34... Rf8 35. Rcxd5
{aiming for Bb4.} Bd7 36. Rc5 Be8 37. Rxf5 Rxf5+ 38. Rxf5 $18 {[%mdl 4096]
Endgame KRB-KRB} ({Don't play} 38. Kxf5 Bxh5 39. d5 Be8 $18) 38... Rf7 39. d5
Rd7 40. Ke5 Bf7 (40... g6 $142) 41. d6 {White is clearly winning.} Kf8 42. Bc7
Ke8 43. Kd4 Bc4 44. Kc5 {Weighted Error Value: White=0.03/Black=0.29} 1-0

[Event "Goldmoney Asian Rapid Prelims 2021"]
[Site "Chess24"]
[Date "2021.06.24"]
[Round "7.8"]
[White "Carlsen, Magnus"]
[Black "Giri, Anish"]
[Result "1/2-1/2"]
[WhiteElo "2847"]
[BlackElo "2780"]
[Annotator "TA"]
[PlyCount "73"]
[EventDate "2021.06.26"]
[EventType "tourn"]
[EventCountry "NET"]
[Tiebreak "Koya+Number of black wins+Number of wins"]
[SourceTitle "playchess.com"]
[Source "ChessBase"]
[SourceQuality "1"]

{[%evp 12,73,18,21,20,17,19,-21,-8,-21,-25,0,-10,-10,0,0,6,-8,-7,-46,2,0,0,0,
41,43,57,45,66,0,0,0,0,-28,-26,-25,-30,-547,-152,-170,-157,-585,-122,-122,-123,
-137,45,36,37,63,51,0,0,0,0,0,0,0,0,0,0,0,0,0]} 1. e4 e5 2. Nf3 Nc6 3. Bc4 Nf6
4. d3 Bc5 5. O-O d6 6. c3 O-O 7. Re1 $1 {[%mdl 4] now scores much better than
the old 7.Bb3.} a6 {C54: Giuoco Piano: 4 c3 Nf6, main lines with 5 d4 and 5 d3.
} 8. a4 Ba7 9. Nbd2 Ng4 10. Re2 Kh8 11. b4 {[%cal Bb2b4,Bb4b5][%mdl 32]} f5 12.
Bb3 {[#]} Bd7 $146 ({Predecessor:} 12... fxe4 13. Nxe4 d5 14. Ng3 Rxf3 15. gxf3
Nxh2 16. Bxd5 Qxd5 17. Kxh2 Qxf3 18. Qh1 Qf6 {1/2-1/2 (82) Broadway,D (2292)
-Malyshev,V (2178) ICCF email 2016}) 13. Ra2 Qe8 14. exf5 Bxf5 15. Nf1 Be6 16.
b5 Bxb3 17. Qxb3 Ne7 {[%cal Bc6e7,Be7g6,Bg6h4][%mdl 32]} 18. d4 Ng6 19. c4 e4
20. Ng3 exf3 $11 {[%mdl 64] Discovered Attack} 21. Rxe8 Raxe8 22. Qd1 Nh4 23.
h3 fxg2 24. Re2 {[%mdl 8192] [#]} (24. hxg4 $11 {and White is okay.} Re1+ 25.
Qxe1 Nf3+ {[%mdl 64] Double Attack} 26. Kxg2 Nxe1+ 27. Kf1) 24... Rxe2 $2 (
24... Nxf2 $1 $19 {[%mdl 512] and Black stays clearly on top.} 25. Rxe8 (25.
Rxf2 Bxd4 26. Nh1 gxh1=Q+ 27. Kxh1 Rxf2 $19) 25... Rxe8 26. Kxf2 Bxd4+ $1 {
[%mdl 576] Promotion} 27. Qxd4 g1=B+ {[%mdl 64] Deflection, Decoy} 28. Kxg1
Nf3+ {[%mdl 64] Double Attack} 29. Kg2 Nxd4) 25. Qxe2 $17 Nxf2 26. Be3 $2 {[#]}
(26. Kh2 $17) 26... Nxh3+ $2 (26... Nd3 $1 $19 {[%mdl 512] has better winning
chances.} 27. Ne4 (27. Qxd3 $2 Nf3+ 28. Kxg2 Ne1+ {[%mdl 64] Double Attack} 29.
Kg1 Nxd3 $19) 27... Rf1+ 28. Qxf1 gxf1=Q+ 29. Kxf1 Nf5) 27. Kh2 g1=Q+ {[%mdl
64] Decoy} 28. Bxg1 Nf3+ $2 (28... Nxg1 $17 29. Kxg1 Bxd4+ 30. Kh1 Be5 31. bxa6
bxa6) 29. Kh1 $14 {Strongly threatening Qe7!} Nhxg1 30. Qe7 {[%cal Re7f8]} Rg8
{...axb5 is the strong threat.} 31. Nf5 ({White should try} 31. Qxc7 $14 Bxd4
32. Qxb7 axb5 33. cxb5) 31... Nxd4 {The position is equal.} 32. Nh6 gxh6 33.
Qf6+ {[%mdl 64] Double Attack} Rg7 34. Qf8+ Rg8 35. Qf6+ Rg7 36. Qf8+ Rg8 37.
Qf6+ {White happily takes the draw.  Weighted Error Value: White=0.46/Black=0.
75} 1/2-1/2

[Event "Goldmoney Asian Rapid Prelims 2021"]
[Site "Chess24"]
[Date "2021.06.24"]
[Round "8.2"]
[White "Duda, Jan-Krzysztof"]
[Black "Carlsen, Magnus"]
[Result "1/2-1/2"]
[WhiteElo "2729"]
[BlackElo "2847"]
[Annotator "TA"]
[PlyCount "76"]
[EventDate "2021.06.26"]
[EventType "tourn"]
[EventCountry "NET"]
[Tiebreak "Koya+Number of black wins+Number of wins"]
[SourceTitle "playchess.com"]
[Source "ChessBase"]
[SourceQuality "1"]

{[%evp 9,76,14,25,7,19,21,22,21,24,34,17,21,34,26,22,19,25,20,40,33,47,50,59,
52,60,50,59,22,17,20,37,13,10,10,14,25,22,19,25,14,18,0,0,0,0,0,0,0,0,0,0,0,0,
0,0,0,0,0,0,0,0,0,0,0,0,0,0,0,0]} 1. d4 Nf6 2. c4 e6 3. Nf3 d5 4. Nc3 a6 5. c5
Nc6 6. h3 {D37: Queen's Gambit Declined: 5 Bf4.} Ne4 7. Bf4 Nxc3 8. bxc3 b6 9.
cxb6 cxb6 10. e3 Bd6 11. Bxd6 Qxd6 12. Bd3 Bd7 13. O-O {[#]} b5 $146 ({
Predecessor:} 13... O-O 14. Qb1 g6 15. Qxb6 Rfb8 16. Qc5 Qxc5 17. dxc5 Rc8 18.
e4 Ne7 19. Ne5 Bb5 20. exd5 Bxd3 21. Nxd3 Nxd5 {1/2-1/2 (80) Praggnanandhaa,R 
(2608)-Carlsen,M (2847) chess24.com INT 2021}) 14. a4 bxa4 15. Rxa4 a5 16. Qc2
h6 17. Rfa1 O-O 18. Bb5 Qc7 19. Qa2 Rfc8 20. Bxc6 (20. Ra3 {looks sharper.}
Rcb8 21. Ba4 Ra7 22. Qc2 Be8 23. Nd2) 20... Qxc6 21. Rxa5 Rxa5 22. Qxa5 Qxc3
23. Qxc3 Rxc3 $14 {[%mdl 4096] Endgame KRB-KRN} 24. Ra8+ Rc8 {The position is
equal.} 25. Rxc8+ (25. Ra7 {is interesting.} Be8 26. Ne5 h5 27. h4 Rc3 28. Ra8)
25... Bxc8 $11 {KB-KN} 26. g4 g5 27. Kg2 f6 28. Kg3 Ba6 29. Nd2 Kf7 30. f4 Be2
31. Nb3 Ke7 32. Kf2 Bd1 33. Nc5 Kd6 34. Kg3 Be2 35. Kf2 Bb5 36. Kg3 Be2 37. Kf2
Bb5 38. Kg3 Be2 {Weighted Error Value: White=0.04/Black=0.04} 1/2-1/2

[Event "Goldmoney Asian Rapid Prelims 2021"]
[Site "Chess24"]
[Date "2021.06.24"]
[Round "8.3"]
[White "Dubov, Daniil"]
[Black "Salem, A.R. Saleh"]
[Result "0-1"]
[WhiteElo "2714"]
[BlackElo "2682"]
[Annotator "TA"]
[PlyCount "90"]
[EventDate "2021.06.26"]
[EventType "tourn"]
[EventCountry "NET"]
[Tiebreak "Koya+Number of black wins+Number of wins"]
[SourceTitle "playchess.com"]
[Source "ChessBase"]
[SourceQuality "1"]

{[%evp 9,90,3,4,-5,-12,8,22,15,20,26,18,20,27,23,35,24,32,30,19,9,2,0,27,44,29,
42,24,0,0,0,0,0,0,0,0,22,44,44,46,0,0,-7,-10,-499,-102,-102,-135,-182,-112,
-114,-110,-111,-114,-107,-113,-111,-109,-114,-110,-115,-110,-195,-165,-156,
-146,-159,-152,-424,-430,-385,-375,-460,-456,-446,-446,-429,-415,-612,-592,
-29985,-29984,-29987,-29988]} 1. c4 c5 2. Nf3 Nf6 3. Nc3 d5 4. cxd5 Nxd5 5.
Nxd5 Qxd5 6. b3 {A34: Symmetrical English: 2 Nc3, lines with ...d5.} e5 7. Bb2
{[#]} e4 $146 ({Predecessor:} 7... Nc6 8. e3 f6 9. d3 Bg4 10. Be2 O-O-O 11. O-O
Bxf3 12. Bxf3 Qxd3 13. Qxd3 Rxd3 {1-0 (28) Fotland,P (1317)-Hammond,G (1314)
IECG email 2000}) 8. Ne5 {The position is equal.} f6 9. Nc4 Nc6 10. Ne3 Qf7 11.
g3 Be6 12. Bg2 f5 13. O-O O-O-O 14. Qc2 Kb8 15. Nc4 h5 16. Ne5 Nxe5 17. Bxe5+
Ka8 18. f3 exf3 19. Rxf3 h4 20. Rd3 Be7 21. Rf1 hxg3 22. hxg3 Qh5 23. Rxd8+
Rxd8 24. Kf2 Bd5 25. Bxd5 Rxd5 26. Qc4 $2 {[%mdl 8192]} Rxd2 $2 (26... Rxe5 $19
{and Black stays clearly on top.} 27. Rh1 Qe8) 27. Ke1 Rd8 28. Bc7 {[#]} Rc8 (
28... Re8 $1 $19 29. Qd3 Bf6) 29. Qe6 $17 {[%cal Re6c8]} Qe8 30. Bd6 Bxd6 31.
Qxd6 {[%mdl 4096] Endgame KQR-KQR} g6 32. Rf3 a6 33. Rd3 Ka7 34. Qf4 Qh8 35.
Rd7 (35. Qc4 $17) 35... Qa1+ 36. Kf2 Rh8 {And now ...Rh1 would win.} 37. Qc4
Rh2+ ({Not} 37... Qxa2 38. Qxc5+ Ka8 39. Qd5 $11) 38. Ke3 $2 {[#]} (38. Kf3 $17
{was the only chance.} Qf1+ 39. Ke3 Qg1+ {[%mdl 64] Double Attack} 40. Kf4)
38... Qe5+ $1 $19 39. Kd2 Rg2 40. a4 Rxg3 41. Rd5 Qe3+ 42. Kc2 Rg2 43. Rd2 (43.
Qxc5+ $142 Qxc5+ 44. Rxc5) 43... f4 44. Kb1 f3 45. Rd7 Rg1+ {Weighted Error
Value: White=0.64/Black=0.22} 0-1

[Event "Goldmoney Asian Rapid Prelims 2021"]
[Site "Chess24"]
[Date "2021.06.24"]
[Round "8.4"]
[White "Artemiev, Vladislav"]
[Black "Svidler, Peter"]
[Result "1/2-1/2"]
[WhiteElo "2704"]
[BlackElo "2714"]
[Annotator "TA"]
[PlyCount "73"]
[EventDate "2021.06.26"]
[EventType "tourn"]
[EventCountry "NET"]
[Tiebreak "Koya+Number of black wins+Number of wins"]
[SourceTitle "playchess.com"]
[Source "ChessBase"]
[SourceQuality "1"]

{[%evp 11,73,0,25,0,21,16,16,8,12,10,13,0,0,0,0,0,0,0,0,0,21,10,43,46,32,34,41,
33,41,31,37,25,24,2,0,0,0,0,0,0,0,0,0,0,0,0,0,0,0,-3,0,0,0,0,0,0,0,0,0,0,0,0,0,
0]} 1. c4 g6 2. Nc3 c5 3. g3 Bg7 4. Bg2 Nc6 5. Nf3 d6 6. O-O Bf5 7. h3 {
A37: Symmetrical English vs ...g6: 4 Bg2 Bg7 5 Nf3.} Qc8 8. Kh2 Nf6 9. b3 O-O
10. Bb2 {[#]} Ne4 $146 (10... e5 {seems wilder.} 11. d3 Qd8 12. Qd2 Rb8 13. Ng5
Bd7) ({Predecessor:} 10... Qc7 11. Nd5 Nxd5 12. Bxg7 Kxg7 13. cxd5 Na5 14. d3
b5 15. Rc1 Rac8 16. Nd2 Qb6 {0-1 (45) Sallaberry,A (1556)-Rodrigues,V (1756)
Goiania 2017}) 11. Rc1 Nxc3 12. Bxc3 e5 13. d3 h6 14. Nd2 Qd7 15. a3 a5 16. Rb1
Rab8 17. b4 axb4 18. axb4 cxb4 19. Bxb4 b5 20. Ba3 bxc4 21. Qa4 Ra8 {[%cal
Bb8a8,Ba8a4,Ba4d4][%mdl 32]} 22. Bxc6 (22. Qxc6 {is interesting.} Qxc6 23. Bxc6
Rxa3 24. Nxc4 Ra2 25. e4) 22... Rxa4 {The position is equal.} 23. Bxd7 Bxd7 24.
Nxc4 e4 25. Bxd6 Re8 26. Nb6 exd3 27. exd3 Rd4 28. Nxd7 Rxd6 29. Nc5 Rd5 30.
Rbc1 Rc8 31. Ne4 Rxc1 32. Rxc1 Rxd3 $11 {KRB-KRN} 33. Rc8+ Kh7 34. Rc7 Kg8 35.
Rc8+ Kh7 36. Rc7 Kg8 37. Rc8+ {Weighted Error Value: White=0.03/Black=0.04}
1/2-1/2

[Event "Goldmoney Asian Rapid Prelims 2021"]
[Site "Chess24"]
[Date "2021.06.24"]
[Round "8.5"]
[White "Adhiban, B.."]
[Black "So, Wesley"]
[Result "0-1"]
[WhiteElo "2660"]
[BlackElo "2770"]
[Annotator "TA"]
[PlyCount "92"]
[EventDate "2021.06.26"]
[EventType "tourn"]
[EventCountry "NET"]
[Tiebreak "Koya+Number of black wins+Number of wins"]
[SourceTitle "playchess.com"]
[Source "ChessBase"]
[SourceQuality "1"]

{[%evp 13,92,0,0,-2,8,15,11,0,4,0,64,19,17,22,33,31,29,30,47,21,45,21,47,51,49,
38,22,0,12,-68,-68,-75,-64,-68,-65,-90,-83,-64,-85,-104,-68,-70,-63,-70,-67,
-64,-63,-63,-63,-63,-63,-63,-64,-64,-59,-81,-81,-81,-78,-81,-79,-107,-107,-107,
-107,-107,-64,-94,-84,-119,-94,-94,-94,-107,-107,-107,-107,-29970,-29972,
-29981,-29982]} 1. Nf3 Nf6 2. c4 e6 3. e3 d5 4. b3 Be7 5. Bb2 O-O 6. Nc3 c5 7.
cxd5 Nxd5 {now supersedes 7...exd5.} 8. Qc2 {A13: English Opening: 1...e6.} Nc6
9. a3 b6 10. h4 {The position is equal.} f5 {[#]} 11. d4 $146 ({Predecessor:} 
11. Nxd5 exd5 12. Bb5 Bd7 13. h5 h6 14. Bxc6 Bxc6 15. Ne5 Be8 16. f4 Qc8 17.
O-O-O {0-1 (33) Keymer,V (2568)-Martirosyan,H (2622) Chess.com INT 2020}) 11...
Bb7 ({Black should play} 11... cxd4 $11 12. Nxd5 Qxd5) 12. Nxd5 exd5 13. dxc5
bxc5 14. Rd1 Kh8 15. Be2 Qd6 16. O-O Rad8 17. Rd2 h6 18. Rfd1 Qe6 19. Bb5 a6
20. Ba4 Qg6 {White should prevent ...d4.} 21. b4 (21. Rxd5 $2 Nd4 $1 $19 {
[%mdl 512]}) ({Better is} 21. Bxc6 $11 Qxc6 22. b4) 21... d4 $1 $15 ({Not} 
21... cxb4 22. h5 $16) 22. h5 $1 {[%cal Rh5g6]} (22. bxc5 $2 Ne5 $1 $19) 22...
Qg4 23. Nh2 $1 {[%cal Rh2g4]} ({Don't blunder} 23. bxc5 $2 {[#]} Nb4 $1 $19 {
[%mdl 512]}) 23... Qxh5 24. exd4 Nxd4 25. Bxd4 cxd4 26. Rxd4 Rxd4 (26... Rc8 {
keeps more tension.} 27. Qd2 Bd8 28. Rd3 Bb6 29. Rg3 Rcd8) 27. Rxd4 Qg5 {
[%csl Gb7][%cal Rg5g2]} 28. Bc6 {[#]} Qf6 $1 29. Rc4 Qa1+ 30. Nf1 $1 Bxc6 31.
Rxc6 Qxa3 32. Qc4 Qxb4 33. Qxa6 Kh7 34. Rc8 Rxc8 35. Qxc8 Qb1 36. g3 Bf6 37.
Qc6 Bd4 38. Kg2 Qa2 39. Qf3 Qe6 40. Nh2 Kg6 41. Qd3 Bf6 (41... Qe4+ {with more
complications.} 42. Qxe4 fxe4 43. f3 Kf5 44. fxe4+ Kxe4 45. Kh3 Bc5) 42. g4
Qe4+ 43. Qf3 Qxf3+ 44. Kxf3 Be5 45. gxf5+ $2 {[%mdl 8192]} (45. Nf1 $17) 45...
Kxf5 46. Ng4 Bf4 {Weighted Error Value: White=0.29/Black=0.09} 0-1

[Event "Goldmoney Asian Rapid Prelims 2021"]
[Site "Chess24"]
[Date "2021.06.24"]
[Round "8.6"]
[White "Ding, Liren"]
[Black "Hou, Yifan"]
[Result "1/2-1/2"]
[WhiteElo "2799"]
[BlackElo "2658"]
[Annotator "TA"]
[PlyCount "104"]
[EventDate "2021.06.26"]
[EventType "tourn"]
[EventCountry "NET"]
[Tiebreak "Koya+Number of black wins+Number of wins"]
[SourceTitle "playchess.com"]
[Source "ChessBase"]
[SourceQuality "1"]

{[%evp 29,104,31,46,37,50,0,0,-11,-16,-45,-37,-43,-44,-45,-40,-52,-16,-14,-17,
-16,0,0,0,0,0,0,0,-18,-14,-17,0,0,0,0,0,0,0,0,0,-4,0,-4,-4,-4,-4,-4,0,0,0,-12,
-12,-12,-12,-12,0,-12,-12,-12,-12,-16,-19,-19,0,0,0,0,0,0,0,0,0,0,0,0,0,-8,0]} 
1. c4 e6 2. Nc3 c5 3. Nf3 Nf6 4. g3 b6 5. Bg2 Bb7 6. O-O Be7 7. d4 cxd4 8. Qxd4
d6 9. e4 O-O 10. b3 Nbd7 11. Bb2 a6 12. Rfe1 Qc7 13. Qd2 Rfe8 14. Nd4 Rad8 15.
Rad1 Bf8 16. h3 {[#] A30: Symmetrical English: Double Fianchetto and Hedgehog.}
Nc5 $146 ({Predecessor:} 16... Qb8 17. Re2 Qa8 18. Qe1 g6 19. Bc1 Bg7 20. f3
Qb8 21. g4 h6 22. Kh1 Rc8 23. Bb2 Ba8 {1/2-1/2 (40) Tosic,M (2399)-Zlatanovic,
Z (2126) Nis 2011}) 17. Qe2 d5 18. e5 Nfe4 19. Qc2 ({Wrong is} 19. Bxe4 $2 dxe4
20. Qe3 Nd3 $19) 19... Nxc3 ({Don't go for} 19... Qxe5 $2 20. b4 $18) 20. Qxc3
dxc4 21. Qxc4 Bxg2 22. Kxg2 Rd5 23. Nf3 {The position is equal.} Rxd1 24. Rxd1
{[#] b4 is the strong threat.} Rd8 25. Rxd8 Qxd8 26. Bd4 Qa8 27. Bxc5 Bxc5 28.
Qd3 h6 29. Kg1 (29. Qc4 {feels hotter.} Be7 30. Qd3 Qb7 31. Kh2 Qc6 32. Kg2)
29... Qd5 (29... a5 {looks sharper.} 30. Qd1 b5 31. Qc2 Bb6 32. Kg2 b4) 30.
Qxd5 exd5 $11 {[%mdl 4096] Endgame KB-KN} 31. Ne1 Kf8 32. Kg2 Ke7 33. f4 Ke6
34. Kf3 g5 35. Nc2 gxf4 36. gxf4 b5 37. Ne1 h5 38. Nd3 Bb6 39. Nb4 a5 {[%cal
Ra5b4]} 40. Nc2 f6 41. exf6 Kxf6 (41... b4 {is more complex.} 42. f7 Kxf7 43.
Ne1 Kg6 44. Ng2 Bg1) 42. Ne1 Kf5 43. Ng2 Bc5 44. Nh4+ Kf6 45. Ng2 a4 46. Ne1
axb3 47. axb3 Kf5 48. Ng2 Bb6 49. Nh4+ Kf6 50. Ng2 Kf5 51. Nh4+ Kf6 52. Ng2 Kf5
{Weighted Error Value: White=0.04/Black=0.04} 1/2-1/2